Introduction a l'histoire du buddhisme indien / (Record no. 152877)
[ view plain ]
| 000 -LEADER | |
|---|---|
| campo de control de longitud fija | 00759nam a22002295i 4500 |
| 001 - NÚMERO DE CONTROL | |
| campo de control | 152877 |
| 003 - IDENTIFICADOR DE NÚMERO DE CONTROL | |
| campo de control | ES-MaACL |
| 005 - FECHA Y HORA DE LA ÚLTIMA TRANSACCIÓN | |
| campo de control | 20251014063217.0 |
| 008 - DATOS DE LONGITUD FIJA--INFORMACIÓN GENERAL | |
| campo de control de longitud fija | 980916s1844 fr |||| | fre d |
| 040 ## - FUENTE DE CATALOGACIÓN | |
| Centro catalogador/agencia de origen | CCPB | B |
| Lengua de catalogación | spa |
| Centro/agencia transcriptor | CCPB | B |
| 100 1# - ENTRADA PRINCIPAL--NOMBRE DE PERSONA | |
| Nombre de persona | Burnouf, Eugène, |
| Fechas asociadas al nombre | 1801-1852 |
| 9 (RLIN) | 126243 |
| 245 10 - MENCIÓN DEL TÍTULO | |
| Título | Introduction a l'histoire du buddhisme indien / |
| Mención de responsabilidad, etc. | par E. Burnoouf. |
| 260 ## - PUBLICACIÓN, DISTRIBUCIÓN, ETC. | |
| Lugar de publicación, distribución, etc. | Paris : |
| Nombre del editor, distribuidor, etc. | Imprimerie royale, |
| Fecha de publicación, distribución, etc. | 1844. |
| 300 ## - DESCRIPCIÓN FÍSICA | |
| Extensión | V, 647 p. ; |
| Dimensiones | 31 cm. |
| 500 #1 - NOTA GENERAL | |
| Nota general | Según Brunet, sólo se publicó un v. |
| 510 4# - NOTA DE CITAS O REFERENCIAS BIBLIOGRÁFICAS | |
| Nombre de la fuente | Brunet, |
| Localización dentro de la fuente | 2258 |
| 650 ## - PUNTO DE ACCESO ADICIONAL DE MATERIA--TÉRMINO DE MATERIA | |
| Término de materia o nombre geográfico como elemento de entrada | Budismo- |
| Subdivisión general | Historia. |
| 9 (RLIN) | 221951 |
| 710 2# - ENTRADA AGREGADA--NOMBRE DE ENTIDAD CORPORATIVA | |
| Nombre de entidad corporativa o nombre de jurisdicción como elemento de entrada | Imprimerie Royale (París), |
| Término indicativo de función/relación | |
| 9 (RLIN) | 134497 |
| 752 ## - ENTRADA AGREGADA--NOMBRE JERÁRQUICO DEL LUGAR | |
| País o entidad superior | Francia - |
| Ciudad | París |
| 852 ## - LOCALIZACIÓN | |
| Ubicación | ES-MaACL |
| Número de control de estantería | G-11362 |
| Nota libre | -- Enc. hol. |
| Estatus retirado | Estado de pérdida | Estado de daño | No para préstamo | Colección | Biblioteca de origen | Biblioteca actual | Ubicación en estantería | Fecha de adquisición | Fuente de adquisición | Total de préstamos | Signatura topográfica completa | Código de barras | Visto por última vez | Precio de reemplazo | Tipo de ítem Koha |
|---|---|---|---|---|---|---|---|---|---|---|---|---|---|---|---|
| Libros del s. XIX | Biblioteca del Ateneo de Madrid | Biblioteca del Ateneo de Madrid | Sala Pecera Planta 3 | 17/01/2008 | G-11362 | 1159674 | 23/02/2023 | 23/02/2023 | Libro impreso antiguo |
